| 000 | 00594nam a2200157 a 4500 | ||
|---|---|---|---|
| 001 | 000045031 | ||
| 005 | 20201002045823.0 | ||
| 008 | 150129s1984 sp 000 0 spa d | ||
| 040 |
_aDO-SdBNP _bspa _cBNPHU |
||
| 110 | 1 |
_aEspaña _bOficina Internacional del Trabajo _bConfederación Española de Organizaciones Empresariales _973033 |
|
| 245 | 1 | 0 | _aComunicacion y organizaciones empresariales. |
| 260 |
_aMadrid. : _bO.I.T. _bC.E.O.E. |
||
| 300 |
_a119 p. ; _c24 cm. |
||
| 710 | 1 |
_aOficina Internacional del Trabajo _97879 |
|
| 710 | 1 |
_aConfederación Española de Organizaciones Empresariales _973034 |
|
| 999 |
_c44520 _d44520 |
||